| 000 | 00410nam a2200181Ia 4500 | ||
|---|---|---|---|
| 005 | 20250603145918.0 | ||
| 008 | 250603s9999 xx 000 0 und d | ||
| 020 | _a9780435900397 | ||
| 050 | _aPZ 4 .O98 .Ol4/ | ||
| 100 | _aOyono, Ferdinand | ||
| 245 | 4 | _aThe old man and the medal | |
| 260 | _aEngland | ||
| 260 | _bHeinemann | ||
| 260 | _c1969 | ||
| 300 | _a167 p | ||
| 650 | _aEngland | ||
| 942 | _cBK | ||
| 999 |
_c43222 _d43222 |
||